000 00310nam a2200121Ia 4500
008 250327s9999 xx 000 0 und d
020 _a9781452283395
082 _bFRE
_aCQR
100 _aBRUCE B. FREY
_934509
245 0 _a100 QUESTIONS (AND ANSWERS) ABOUT TESTS AND MEASUREMENT
260 _bSAGE
942 _cBK
999 _c7304
_d7304